Statistics for Countries that begin with same letter as their continent

Click here to take the quiz!

General Stats

  • This quiz has been taken 110 times
  • The average score is 7 of 8

Answer Stats

Answer% Correct
Algeria
92%
Estonia
89%
Suriname
87%
Armenia
86%
Azerbaijan
86%
Angola
84%
Nicaragua
82%
Afghanistan
80%

Score Distribution

Percentile by Number Answered

Percent of People with Each Score

Your Score History

You have not taken this quiz